000 01391nam a2200409 i 4500
001 193367
003 ES-MaRBCM
005 20250815091736.0
007 ta
008 231107s2014 sp 000 0|spa d
016 7 _aa5476308
017 _aM 33234-2013,
_bOficina Depósito Legal Madrid
020 _a9788424512897
035 _aCCBIP03356376
040 _aSpMaBN
_bspa
_cSpMaBN
_dM-BRCM
_erdc
080 _a330.834
080 _a330.82
080 _a330.342.14
100 0 _aMartínez de Velasco, Luis
_978040
_eaut
245 1 3 _aEl espejismo de la economía :
_banálisis de una ciencia bajo sospecha /
_cLuis Martínez de Velasco.
250 _a1ª ed.
260 _aMadrid :
_bFundamentos,
_c2014.
300 _a239 p. ;
_c20 cm.
336 _aTexto (visual)
_2isbdcontent]
337 _asin mediación
_2isbdmedia]
338 _2rdacarrier
_avolumen
490 1 _aColección Ciencia ;
_v345
650 4 _aKeynesianismo
_2embne
_914037
650 7 _aLiberalismo económico
_2embne
_9135483
650 4 _aCapitalismo
_2embne
_910760
830 0 _aColección ciencia (Fundamentos)
_v345
_9227763
852 _aEs-MaACL
_bR.150197
_9200810
_jA-13216
_dOlim: N-6216
_cDEPO1
903 _978040
_aMartínez de Velasco, Luis
_ednr
942 _n0
_cMONOGRAFIA
999 _c193367
_d193367